000 01378nam2a22002291 4500
001 v19\rc\1906213
005 20251118180537.3
035 _a(NLR Aleph) 004995470
090 _a6330840
_c6330840
100 _a20251123 rusy50
101 0 _arus
102 _aRU
105 _ay z |||||
200 0 _aГ. существования 1-й, с 1 авг. 1910 г. по 1 авг. 1911 г.
461 0 _1001v19\rc\1906212
_12001#$aОтчет Ссудо-сберегательной кассы служащих Торгового товарищества Ф. и П. Панкратовых в Оренбурге...$vГ. существования 1-й, с 1 авг. 1910 г. по 1 авг. 1911 г.
_96330833
_a"Панкратовы, Ф. и П.", торговое товарищество (Оренбург). Ссудо-сберегательная касса служащих
_cОренбург
_d1911-1914
_p3 т.
_tОтчет Ссудо-сберегательной кассы служащих Торгового товарищества Ф. и П. Панкратовых в Оренбурге...
_vГ. существования 1-й, с 1 авг. 1910 г. по 1 авг. 1911 г.
801 0 _aRU
_bNLR
_gpsbo
801 0 _aRU
_bRuMoRGB
_2psbo
801 1 _aRU
_bProSoft-M
_2rusmarc
852 _aNLR
_j18.157.4.125(1)
899 _aRuMoRGB
_jU 48/337
942 _cBOOK
980 _aNB